书目信息 |
| 题名: |
植物纤维化学
|
|
| 作者: | 邬义明 , 陈国符 主编 ;天津轻工业学院 编 | |
| 分册: | ||
| 出版信息: | 北京 轻工业出版社 1980 |
|
| 页数: | 237页 | |
| 开本: | 25cm | |
| 丛书名: | ||
| 单 册: | ||
| 中图分类: | TS721 | |
| 科图分类: | ||
| 主题词: | 植物纤维-造纸-纤维化学--高等学校--教材 , 纤维化学-植物纤维-造纸--高等学校--教材 , 造纸-植物纤维-纤维化学--高等学校--教材 | |
| 电子资源: | ||
| ISBN: | ||
| 000 | 00897nam0 2200289 45 | |
| 001 | 0180003478 | |
| 005 | 20060802082407.32 | |
| 010 | @dCNY1.60 | |
| 091 | @a15042.1547 | |
| 100 | @a19950607d1980 em y0chiy0121 ea | |
| 101 | 0 | @achi |
| 102 | @aCN@b110000 | |
| 105 | @ay z 000yy | |
| 200 | 10 | @a植物纤维化学@Azhi wu xian wei hua xue@f陈国符,邬义明主编@g天津轻工业学院等合编 |
| 210 | @a北京@c轻工业出版社@d1980 | |
| 215 | @a237页@d25cm | |
| 300 | @a高等学校轻工专业试用教材 | |
| 606 | @a植物纤维-造纸-纤维化学@x高等学校@x教材 | |
| 606 | @a纤维化学-植物纤维-造纸@x高等学校@x教材 | |
| 606 | @a造纸-植物纤维-纤维化学@x高等学校@x教材 | |
| 690 | @aTS721@v3 | |
| 701 | 0 | @a邬义明@Awu yi ming@4主编 |
| 701 | 0 | @a陈国符@Achen guo fu@4主编 |
| 712 | 02 | @a天津轻工业学院@Atian jin qing gong ye xue yuan@4编 |
| 801 | 2 | @aCN@bNLC@c20060802 |
| 801 | 0 | @aCN@bTSSF |
| 905 | @a10447@dTS721@e7 | |
| 植物纤维化学/陈国符,邬义明主编/天津轻工业学院等合编.-北京:轻工业出版社,1980 |
| 237页;25cm |
| 高等学校轻工专业试用教材 |
| ISBN :CNY1.60 |
| ● |
| 相关链接 |
|
|
|
|
正题名:植物纤维化学
索取号:TS721/7
 
预约/预借
| 序号 | 登录号 | 条形码 | 馆藏地/架位号 | 状态 | 备注 |
| 1 | 0439373 | 204393735 | 密集书库/ [索取号:TS721/7] | 在馆 | |
| 2 | 0439374 | 204393744 | 密集书库/ [索取号:TS721/7] | 在馆 | |
| 3 | 0439375 | 204393753 | 密集书库/ [索取号:TS721/7] | 在馆 |